[Event "Naantali Avoin op"]
[Site "Naantali"]
[Date "2018.07.04"]
[Round "4"]
[White "Riihimaeki, Pekka"]
[Black "Ailasmaa, Kimmo"]
[Result "1-0"]
[WhiteElo "1932"]
[BlackElo "1783"]
[PlyCount "32"]
[EventDate "2018.07.02"]
[EventType "swiss"]
[EventRounds "9"]
[EventCountry "FIN"]
[SourceTitle "EXT 2019"]
[Source "ChessBase"]
[SourceDate "2018.10.10"]
[SourceVersion "1"]
[SourceVersionDate "2018.10.10"]
[SourceQuality "1"]

1. e4 c5 2. Nf3 d6 3. d4 cxd4 4. Nxd4 Nf6 5. Nc3 a6 6. Bg5 e6 7. f4 Qc7 8. Qf3 b5 9. 0-0-0 Bb7 10. Bd3 Nbd7 11. Rhe1 Rc8 12. Kb1 Be7 13. Qg3 Nc5 14. Bxf6 Bxf6 15. Bxb5+ axb5 16. Ndxb5 Qb6 1-0

[Event "Naantali Avoin op"]
[Site "Naantali"]
[Date "2018.07.03"]
[Round "3"]
[White "Eerola, Antti"]
[Black "Riihimaeki, Pekka"]
[Result "1-0"]
[WhiteElo "1591"]
[BlackElo "1932"]
[PlyCount "41"]
[EventDate "2018.07.02"]
[EventType "swiss"]
[EventRounds "9"]
[EventCountry "FIN"]
[SourceTitle "EXT 2019"]
[Source "ChessBase"]
[SourceDate "2018.10.10"]
[SourceVersion "1"]
[SourceVersionDate "2018.10.10"]
[SourceQuality "1"]

1. d4 Nf6 2. c4 e6 3. Nc3 Bb4 4. Bg5 c5 5. a3 Bxc3+ 6. bxc3 Qa5 7. Bd2 d6 8. g3 Qc7 9. Qb3 Nbd7 10. Bg2 0-0 11. Nh3 Rb8 12. 0-0 h6 13. Nf4 e5 14. dxe5 dxe5 15. Nd5 Nxd5 16. cxd5 Qd6 17. e4 b6 18. a4 a5 19. c4 Re8 20. Rab1 Nf8 21. Bxa5 1-0